000 00552nam a2200181Ia 4500
999 _c9020
_d9020
003 OSt
005 20201119100517.0
008 190216s9999||||xx |||||||||||||| ||und||
020 _a9788177581188
040 _coclc
082 _a004
_bSOL/I
100 _aSolutions, ITL Education
_95472
245 0 _aIntroduction To Information Technology /
_cITL Education Solutions
260 _bPearson Education Asia,
_c2009.
_aNew Delhi:
300 _a648p
650 _aInformation Technology
942 _cBK
_2ddc
_h004
_iSOL/I
_k004
_mSOL/I